000 03203nam0a2200457 4500
001 RU\NLR\BIBL_A\012722012
005 20260407123448.0
020 _aRU
_9Сводный каталог листовок первых лет Советской власти (25 октября (7 ноября) 1917 - 1925)
035 _a(NLR Aleph) 012722012
090 _a12944721
_c12944721
100 _a20220303d1920 |||y0rusy50 ca
101 0 _arus
102 _aRU
105 _ay z 000zy
135 _acrgn 008apada
200 1 _aВсем трудящимся, всем гражданам. "Чтобы успешно отразить..."
_e[листовка]
210 _a[Тихвин
_cб. и.
_d1920, июль]
215 _a1 с.
_d30x18
300 _aПодпись: председатель Центральной комиссии по борьбе с дезертирством и комиссар Всероссийского главного штаба Ст. Данилов
300 _aВ конце листовки: Настоящее обращение объявляется всему населению Тихвинского у... 17 июля 1920 г., г. Тихвин. Предуездкомдезертир воен. комиссар Родичев; члены Медведев и Горшков; правдел Ковалев
325 1 _aКопия доступна в Электронной библиотеке РНБ
517 1 _aЧтобы успешно отразить...
607 _aРСФСР
_jЛистовки
_xПолитика и управление
_y1917 - 1925
_92312782
_3RU\NLR\auth\6601609564
686 0 _aТ3(2)71-313,011
686 0 _aТ3(2Р-4Ле-2Т)712-3,011
702 1 _4720
_aДанилов
_bС. С.
_cгос. деятель
_f1876-1939
_gСтепан Степанович
_9172488
_3RU\NLR\AUTH\770172539
702 1 _4720
_aРодичев
_cучастник установления советской власти, г. Тихвин
_9194643
_3RU\NLR\AUTH\770194694
702 1 _4720
_7ca
_8rus
_aМедведев
_cучастник установления советской власти, г.Тихвин
_9240007
_3RU\NLR\AUTH\770240063
702 1 _4720
_aГоршков
_cучастник установления советской власти, г.Тихвин
_9196274
_3RU\NLR\AUTH\770196325
702 1 _4720
_aКовалев
_cучастник установления советской власти, г. Тихвин
_9194578
_3RU\NLR\AUTH\770194629
711 0 1 _aРСФСР
_bЦентральная комиссия по борьбе с дезертирством
_3RU\NLR\AUTH\8810072787
_9647610
712 0 2 _4570
_aТихвинская уездная комиссия по борьбе с дезертирством
_9597138
_3RU\NLR\AUTH\880467605
852 0 0 _aNLR
_bФЛ
_j15/59
942 _cBOOK
980 _aNB
981 2 1 _a(21) Листовки
_b(21) Листовки 1924 года